000 00575nam a22001937a 4500
005 20240703153558.0
010 _aENG-140749
020 _c3695.00
_a9788195676927
035 _aEN-124281
037 _bDBAD
082 _a338.476
_21
100 _aTripathi, P.K
_968061
245 _aHandbook on Electric Vehicles Manufacturing/
_cBy P.K Tripathi
250 _a1
260 _aDelhi
_bNIIR Project Consultancy Services
_c2022
270 _bDelhi
_e110007
_a106 - A, Kamla Nagar
300 _axvi,468p.
_c21cm(pbk)
_bill
942 _2ddc
_cEN
_h338.476
_mTRI
999 _c203911
_d203911